| 000 -ლიდერი |
| ფიქსირებული სიგრძის საკონტროლო ველი |
00930nam a22002057a 4500 |
| 003 - საკონტროლო ნომრის იდენტიფიკატორი |
| საკონტროლო ველი |
Ge_BSU |
| 005 - ბოლო ოპერაციის თარიღი და დრო |
| საკონტროლო ველი |
20241115155910.0 |
| 008 - ფიქსირებული სიგრძის მონაცემთა ელემენტები - ზოგადი ინფორმაცია |
| ფიქსირებული სიგრძის საკონტროლო ველი |
241115s1987 ge ||||| |||| 00| 0 geo d |
| 041 ## - ენის კოდი |
| Language code of text/sound track or separate title |
geo |
| 080 ## - უნივერსალური ათობითი კლასიფიკაციის ინდექსი |
| Universal Decimal Classification number |
613.816 გ-12 |
| 100 ## - მთავარი ჩანაწერი - პიროვნების სახელი |
| Personal name |
გაბიანი, ანზორ |
| 9 (RLIN) |
3901 |
| 245 ## - ცნობა სათაურის შესახებ |
| Title |
ალკოჰოლიზმის სოციალური სახე / |
| Statement of responsibility, etc |
ანზორ გაბიანი ; რედ. ე. მესხი ; მხატვარი თ. შარიფაშვილი. |
| 264 ## - წარმოების, გამოცემის, დისტრიბუციის და სხვა ცნობები |
| გამოცემის, წარმოების, დისტრიბუციის... ადგილი |
თბილისი : |
| გამოცემის, წარმოების, დისტრიბუციის... სახელწოდება |
საბჭოთა საქართველო, |
| გამოცემის, წარმოების, დისტრიბუციის... თარიღი |
1987. |
| 300 ## - ფიზიკური აღწერა |
| Extent |
52 გვ. ; |
| Other physical details |
20 სმ. |
| 653 ## - INDEX TERM--UNCONTROLLED |
| Uncontrolled term |
ალკოჰოლიზმი. |
| 653 ## - INDEX TERM--UNCONTROLLED |
| Uncontrolled term |
მედიცინა |
| 700 ## - ADDED ENTRY--PERSONAL NAME |
| Personal name |
მესხი, ე |
| Relator term |
რედაქტორი |
| 9 (RLIN) |
3902 |
| 700 ## - ADDED ENTRY--PERSONAL NAME |
| Personal name |
შარიფაშვილი, თ |
| Relator term |
მხატვარი |
| 9 (RLIN) |
23711 |
| 942 ## - ADDED ENTRY ELEMENTS (KOHA) |
| Source of classification or shelving scheme |
|
| Koha item type |
წიგნი |